• 首页
  • 本馆介绍
  • 公告通知
  • 最新文献
  • 馆藏检索
  • 电子资源
  • 读者导购
  • 参考咨询
  • 我的图书馆
  • 登录
  • 详细信息显示
  • 放入我的书架
  • 预约/预借图书
  • 作者相关作品
  • 分类相关作品
  • 丛书相关作品
  • 出版社相关作品

书目信息

  • 表格格式
  • 工作单格式
  • 卡片格式
题名:
过程自动化及仪表
    
 
作者: 俞金寿 , 孙自强 编著
分册:  
出版信息: 北京   化学工业出版社  2016.5
页数: 260页
开本: 26cm
丛书名:
单 册:
中图分类: TP273 , TH86
科图分类:
主题词: 过程控制--高等教育--教材 , 自动化仪表--高等教育--教材
电子资源:
ISBN: 978-7-122-22487-3
000 01084nam0 2200277 450
001 0400002827
005 20171026101235.81
010    @a978-7-122-22487-3@dCNY32.00
100    @a20171021d2016 em y0chiy ea
101 0  @achi
102    @aCN@b110000
105    @aa z 000yy
106    @ar
200 1  @a过程自动化及仪表@9guo cheng zi dong hua ji yi biao@f俞金寿,孙自强编著
205    @a第3版
210    @a北京@c化学工业出版社@d2016.5
215    @a260页@c图@d26cm
330    @a本教材以自动控制系统为主体,辅以各种自动化仪表和控制装置,叙述了生产过程有关变量的测量方法及应用特点,自动控制系统的组成和简单、复杂、先进控制系统,以及在设计、运行中与工艺过程有关知识要点,最后介绍了典型工业生产过程:流体输送设备、传热设备、锅炉设备、精馏塔、反应器、窑炉、生化过程、冶金过程、造纸过程等的控制。
606 0  @a过程控制@x高等教育@j教材
606 0  @a自动化仪表@x高等教育@j教材
690    @aTP273@v5
690    @aTH86@v5
701  0 @a俞金寿@9yu jin shou@4编著
701  0 @a孙自强@9sun zi qiang@4编著
801  0 @aCN@b91MARC@c20171021
905    @b1035121-5@dTP273@f5@e221=3
    
    过程自动化及仪表/俞金寿,孙自强编著.-第3版.-北京:化学工业出版社,2016.5
    260页:图;26cm
    
    
    ISBN 978-7-122-22487-3:CNY32.00
    本教材以自动控制系统为主体,辅以各种自动化仪表和控制装置,叙述了生产过程有关变量的测量方法及应用特点,自动控制系统的组成和简单、复杂、先进控制系统,以及在设计、运行中与工艺过程有关知识要点,最后介绍了典型工业生产过程:流体输送设备、传热设备、锅炉设备、精馏塔、反应器、窑炉、生化过程、冶金过程、造纸过程等的控制。
●
相关链接 在E读中查询图书 在五车中查询图书 在当当中查询图书 在豆瓣中查询图书


正题名:过程自动化及仪表     索取号:TP273/221=3         预约/预借

序号 登录号 条形码 馆藏地/架位号 状态 备注
1 1035121   210351215   第二样本阅览室/ [索取号:TP273/221=3] 在馆    
2 1035122   210351224   密集书库—计算机科学学院/ [索取号:TP273/221=3] 在馆    
3 1035123   210351233   第三借阅区/ [索取号:TP273/221=3] 在馆    
4 1035124   210351242   第三借阅区/ [索取号:TP273/221=3] 在馆    
5 1035125   210351251   第三借阅区/ [索取号:TP273/221=3] 在馆    
唐山师范学院图书馆 欢迎您!
大连网信软件有限公司© 版权所有